书目信息 |
| 题名: |
政治经济学教科书
|
|
| 作者: | 张维达 主编 | |
| 分册: | ||
| 出版信息: | 长春 吉林人民出版社 1983.04 |
|
| 页数: | 367页 | |
| 开本: | 20cm | |
| 丛书名: | ||
| 单 册: | ||
| 中图分类: | F03 | |
| 科图分类: | ||
| 主题词: | 资本主义社会--生产方式 | |
| 电子资源: | ||
| ISBN: | ||
| 000 | 00720nam0 2200241 45 | |
| 001 | 0211061405 | |
| 005 | 20031224092721.6 | |
| 010 | @dCNY1.25 | |
| 091 | @a4091.165 | |
| 100 | @a20021106d1983 km y0chiy0120 ea | |
| 101 | 0 | @achi |
| 105 | @ak z 000yy | |
| 200 | 1 | @a政治经济学教科书@AZheng Zhi Jing Ji Xue Jiao Ke Shu@e资本主义部分@EZi Ben Zhu Yi Bu Fen@f张维达主编@FZhang Wei Da Zhu Bian |
| 205 | @a二版 | |
| 210 | @a长春@c吉林人民出版社@d1983.04 | |
| 215 | @a367页@d20cm | |
| 300 | @a高等院校试用教材 | |
| 517 | @a资本主义部分@AZi Ben Zhu Yi Bu Fen | |
| 606 | 0 | @a资本主义社会@x生产方式 |
| 690 | @aF03@v3 | |
| 701 | 0 | @a张维达@4主编 |
| 801 | @aCN@bTSTC@c20021115 | |
| 905 | @dF03@e13=2@f1@b87790@f1@b87792 | |
| 政治经济学教科书:资本主义部分/张维达主编.-二版.-长春:吉林人民出版社,1983.04 |
| 367页;20cm |
| 高等院校试用教材 |
| ISBN :CNY1.25 |
| ● |
| 相关链接 |
|
|
|
|
正题名:政治经济学教科书
索取号:F03/13=2
 
预约/预借
| 序号 | 登录号 | 条形码 | 馆藏地/架位号 | 状态 | 备注 |
| 1 | 0087790 | 001859233 | 密集书库/ [索取号:F03/13=2] | 在馆 | |
| 2 | 0087792 | 001859340 | 密集书库/ [索取号:F03/13=2] | 在馆 |